LEADER 03303njm a2200793 a 4500
001 000278729
003 CZ BrMZK
005 20080708092126.0
008 010907s1994 xr f cze d
028 0 3 |a 71 0362-2  |b Bonton Music 
040 |a BOA001  |b cze 
080 |a 784.4(086.7)  |2 MRF 
245 0 0 |a Hity 1980  |h [zvukový záznam] /  |c [výběr a sestava Miroslav Černý]. 
246 3 3 |a Hráč 
246 3 3 |a Když zabloudíš, tak zavolej 
246 3 3 |a Kosmická 
246 3 3 |a Léto je léto 
246 3 3 |a Mademoiselle Giselle 
246 3 3 |a Miluji tě 
246 3 3 |a Mýdlový princ 
246 3 3 |a Nejkrásnější sen 
246 3 3 |a Náskok 
246 3 3 |a Obyčejný muž 
246 3 3 |a Osmý den 
246 3 3 |a Prázdný expres 
246 3 3 |a Setkání 
246 3 3 |a To jsou fámy 
246 3 3 |a Štěstí 
246 3 3 |a A-B 
246 3 3 |a Citrónová holka 
246 3 3 |a Dědečkův duch 
246 3 3 |a Dívka Gloria 
246 3 3 |a Hodina H 
260 |a Praha :  |b Bonton Music,  |c p1978, 1979, 1980, p1996 
300 |a 1 CD :  |b AAD ;  |c 12 cm +  |e 1 složený list. 
500 |a Durata neuv 
500 |a Nahr. 1978-80 
505 2 |a To jsou fámy, Léto je léto, Mýdlový princ ... [et al.] 
511 0 |a Karel Gott, zpěv; Helena Vondráčková, zpěv; Václav Neckář, zpěv ... [et al.]. Orchestr a sbor Ladislava Štaidla; Studiový orchestr a sbor, dir. Vítězslav Hádl; Bacily ... [et al.] 
653 0 |a populární hudba  |a populární písně 
700 1 |a Černý, Miroslav,  |d 1937-  |7 jn19990209124  |4 com 
700 0 |a Drupi,  |d 1947-  |7 mzk2003205875  |4 prf 
700 1 |a Gott, Karel,  |d 1939-2019  |7 jk01032549  |4 prf 
700 1 |a Neckář, Václav,  |d 1943-  |7 jn19990209576  |4 prf 
700 1 |a Rottrová, Marie,  |d 1941-  |7 jn19990209724  |4 prf 
700 1 |a Spálený, Petr,  |d 1944-  |7 jn20000402262  |4 prf 
700 1 |a Urbánková, Naďa,  |d 1939-2023  |7 jn19990209950  |4 prf 
700 1 |a Vondráčková, Helena,  |d 1947-  |7 jn19990210804  |4 prf 
700 1 |a Vávra, Vítězslav,  |d 1953-2021  |7 xx0026267  |4 sng 
700 1 |a Zagorová, Hana,  |d 1946-2022  |7 jn19990210827  |4 prf 
700 1 |a Špinarová, Věra,  |d 1951-2017  |7 jn19990209882  |4 prf 
700 1 |a Štaidl, Ladislav,  |d 1945-2021  |7 jn20000402876  |4 prf 
710 2 |a Československá televize.  |b Orchestr  |7 ko2003186653  |4 prf 
710 2 |a Ostravský rozhlasový orchestr  |7 ko2004245952  |4 prf 
710 2 |a Plameňáci (hudební skupina)  |7 ko20010091978  |4 prf 
710 2 |a Apollo (hudební skupina)  |7 ko2002160144  |4 prf 
710 2 |a Bacily (hudební skupina)  |7 ko2002150861  |4 prf 
710 2 |a Bezinky (hudební skupina)  |7 kn20010709240  |4 prf 
710 2 |a Discobolos (hudební skupina)  |7 mzk2003190860  |4 prf 
710 2 |a Kardinálové Zdeňka Merty (hudební skupina)  |7 ko2003164635  |4 prf 
710 2 |a Maximum Petra Hanniga (hudební skupina)  |7 xx0028453  |4 prf 
710 2 |a Olympic (hudební skupina)  |7 kn20020522005  |4 prf 
710 2 |a Supernova Ivo Pavlíka (hudební skupina)  |7 xx0025438 
710 2 |a Orchestr Karla Vágnera  |7 kn20010710269  |4 prf 
710 2 |a Orchestr Ladislava Štaidla  |7 ko2003171954  |4 prf 
910 |a BOA001  |b CD-0005.498 
964 |a Hudba populární  |z stol.20.,léta 80.  |x CD 
990 |a AV 
996 6 |b 261H005700  |c CD-0005.498  |l MZK  |r Sklad / do 24 hodin  |n 0  |p p.v.  |w 000278729  |u 000010  |a 1  |e BOA001  |j MZK50  |s P